000 00686nam a2200229 a 4500
001 2775
005 20221127090605.0
008 120306s lxxua 00100 eng d
020 _a0764554719(pbk) :
_cSR00.00
035 _a63
082 0 4 _a650.142
_bK383 2003
100 1 _aKennedy, Joyce Lain.
245 1 0 _aResumes for dummies /
_cJoyce Lain Kennedy.
250 _a4th ed.
260 _aNew York :
_bJohn Wiley,
_c2003.
300 _axxiv, 353 p. :
_bill. ;
_c24 cm.
500 _aIncludes index.
650 4 _aCover letters
_vHandbooks, manuals, etc.
650 4 _aJob hunting
_vHandbooks, manuals, etc.
650 4 _aResumes(Employment).
650 4 _aApplications for positions.
999 _c2773
_d2773